Taylor Swift - Paroles thanK you aIMee - Statistiques

Statistiques générales
  • Ce quiz a été pris 31 fois
  • Le résultat moyen est 358 sur 411
Statistiques - réponses
Hint Réponse % Correct
a
100%
A
100%
And
100%
and
100%
be
100%
been
100%
But
100%
"Fuck
100%
home
100%
I
100%
if
100%
in
100%
is
100%
me
100%
my
100%
of
100%
she
100%
so
100%
So
100%
"Thank
100%
Outro Thank
100%
That
100%
that
100%
the
100%
then
100%
there
100%
time
100%
to
100%
was
100%
were
100%
Couplet 1 When
100%
when
100%
woman
100%
you
100%
you,
100%
about
92%
Aimee"
92%
Aimee
92%
Refrain All
92%
all
92%
building
92%
can't
92%
could
92%
day,
92%
dead
92%
down
92%
for
92%
hadn't
92%
it
92%
It
92%
know
92%
one
92%
only
92%
push
92%
say
92%
singing
92%
something
92%
song
92%
statue
92%
There's
92%
there's
92%
us
92%
wished
92%
wouldn't
92%
Your
92%
your
92%
always
85%
at
85%
changed
85%
comes
85%
don't
85%
Each
85%
each
85%
head,
85%
head
85%
legacy
85%
mother
85%
much
85%
name
85%
never
85%
night
85%
or
85%
our
85%
pain
85%
picture
85%
same
85%
school
85%
stairs
85%
think
85%
this
85%
throwing
85%
undo
85%
used
85%
wrote
85%
are
77%
As
77%
blood
77%
bronze
77%
built
77%
'cause
77%
'Cause
77%
couldn't
77%
Everyone
77%
find
77%
forget
77%
gonna
77%
heal
77%
hometown
77%
I'd
77%
kid
77%
made
77%
moment
77%
punches
77%
saintly
77%
Screamed,
77%
sky
77%
songs
77%
take
77%
thousand
77%
town,
77%
uncool
77%
underneath
77%
way
77%
you've
77%
2
69%
baby
69%
black
69%
blue
69%
clean
69%
clues
69%
dreamed
69%
fair
69%
feel
69%
fight,
69%
forgive
69%
knows
69%
maybe
69%
mind,
69%
plaque
69%
real
69%
show
69%
spirit
69%
step
69%
truth
69%
wait
69%
wasn't
69%
any
62%
count
62%
defining
62%
from
62%
gushing
62%
here
62%
hill
62%
just
62%
Laughing
62%
local
62%
nothing
62%
prayed
62%
pushed
62%
reframed
62%
spray
62%
up
62%
beat
54%
grave
54%
kill
54%
paper
54%
ringing
54%
searing
54%
stars
54%
threatens
54%
across
46%
looks
46%
scars,
46%
still
46%
tanned
46%
words
46%
boulder
38%
headlines
38%
small
38%
stomped
31%
stunning
31%
Aucun quiz correspondant
Distribution des résultats
% des personnes avec chaque résultat
Percentile par nombre de réponses
Votre historique - résultats
Vous n’avez pas pris ce quiz